Propuesta de ordenamiento turístico de una zona de la costa del lago Apánas, con criterios de sustentabilidad
Propuesta preliminar de reordenamiento ambiental que se plantea promover el desarrollo turístico en el lago Apanas, se muestra una caracterización general del asentamiento en cuanto a ubicación dentro del territorio y diagnóstico de su situación actual.
| Main Authors: | , |
|---|---|
| Other Authors: | |
| Format: | Tesis Section = Libro |
| Language: | Undetermined Spanish |
| Published: |
Managua
UNI
2013
|
| Subjects: |
| LEADER | 01132nam a2200253Ia 4500 | ||
|---|---|---|---|
| 008 | 240830s9999 xx 000 0 und d | ||
| 040 | |a BIBLIOTECA-RUSB/ T.Mon 333.7 Ch552 | ||
| 041 | |a spa | ||
| 082 | |a T.Mon 333.7 Ch552 | ||
| 100 | 1 | |a Chow Bushey, Denzer Yazir | |
| 100 | 1 | |b Canales Weil, Jurgen Javier | |
| 245 | 1 | 0 | |a Propuesta de ordenamiento turístico de una zona de la costa del lago Apánas, con criterios de sustentabilidad |
| 260 | |a Managua |b UNI |c 2013 | ||
| 300 | |a 96 p. :il. | ||
| 502 | |a Tesis (Arquitecto) - UNI, 2013. | ||
| 520 | 3 | |a Propuesta preliminar de reordenamiento ambiental que se plantea promover el desarrollo turístico en el lago Apanas, se muestra una caracterización general del asentamiento en cuanto a ubicación dentro del territorio y diagnóstico de su situación actual. | |
| 650 | 7 | |a MEDIO AMBIENTE - ORDENAMIENTO - TURISMO | |
| 650 | 7 | |b TURISMO - DESARROLLO SOSTENIBLE - NICARAGUA | |
| 650 | 7 | |c PROMOCION DEL TURISMO - LAGO APANAS - JINOTEGA | |
| 650 | 7 | |d TURISMO ECOLOGICO | |
| 700 | 1 | |a Tutor: |b Gómez Ortega, Graciela Dionides | |
| 942 | |c BK |2 ddc | ||
| 991 | |a TESIS | ||
| 999 | |c 21672 | ||